| 000 | 00490nam a22001697a 4500 | ||
|---|---|---|---|
| 003 | AR-RoUNCS | ||
| 005 | 20250923150652.0 | ||
| 008 | 250923t2011 ag |||||r|||| 001 0 eng d | ||
| 020 | _a978-950-01-1086-0 | ||
| 040 |
_cAR-RoUNCS _aAR-RoUNCS |
||
| 080 | _0(038)=111 | ||
| 245 | 0 | 0 |
_aDiccionario escolar Estrada : _binglés-español : español-inglés. |
| 260 |
_aSan Isidro : _bEstrada, _c2011. |
||
| 300 |
_a400 p. ; _c17 cm. |
||
| 650 | 4 |
_aINGLÉS _xESPAÑOL _vDICCIONARIOS |
|
| 942 |
_2udc _cOG _n0 |
||
| 999 |
_c600 _d600 |
||